El Derecho y la (ir) reversibilidad limitada de los derechos sociales de los ciudadanos las ln̕eas rojas constitucionales a los recortes y la sostenibilidad social /

Detalles Bibliográficos
Autor principal: Ponce Sol,̌ Juli, 1967-
Autor Corporativo: Instituto Nacional de Administracin̤ Pb︢lica (Espanya)
Formato: Libro
Lenguaje:español
Publicado: Madrid : Instituto Nacional de Administracin̤ Pb︢lica, 2013
Colección:Monografa̕s (Instituto Nacional de Administracin̤ Pb︢lica (Espanya))
Materias:
Acceso en línea:Acceso restringido

MARC

LEADER 00000nam a2200000 a 4500
005 20130916184924.0
007 cr|||| ||||
008 130715s2013 sp | b|||o000 0 spa c
017 |a DL M. 14025-2013 
020 |a 9788470888441 
035 |a 11480 
040 |d vLex 
090 |c 4494  |d 4494 
100 1 |a Ponce Sol,̌ Juli,  |d 1967- 
245 1 3 |a El Derecho y la (ir) reversibilidad limitada de los derechos sociales de los ciudadanos   |h [Recurso electrn̤ico] :  |b las ln̕eas rojas constitucionales a los recortes y la sostenibilidad social /  |c Juli Ponce Soľ 
256 |a Servicio en ln̕ea 
260 |a Madrid :  |b Instituto Nacional de Administracin̤ Pb︢lica,  |c 2013 
300 |a 1 recurso electrn̤ico 
500 |a I Premio Internacional de Investigacin̤ Jurd̕ica Lorenzo Martn̕-Retortillo Baquer sobre derechos fundamentales 
504 |a Bibliografa̕: p. 125-132 
506 1 |a Contenido solo disponible en los productos indicados  |d vLex Global  |d vLex Global (Academic Edition, excluding Law Schools)  |d vLex Global (U.S. Academic Edition, Law Schools)  |d vLex Global (U.S. Academic Edition, excluding Law Schools)  |d vLex Global (Academic Edition, Law Schools) 
650 7 |a Crisis econm̤icas  |y 2008-  |z Espaą 
650 7 |a Derecho social  |z Espaą 
650 7 |a Derechos civiles  |z Espaą 
710 2 |a Instituto Nacional de Administracin̤ Pb︢lica (Espanya) 
740 0 |a vLex Libros (Servicio en ln̕ea) 
830 0 |a Monografa̕s (Instituto Nacional de Administracin̤ Pb︢lica (Espanya)) 
856 4 0 |u http://vlex.com/source/derecho-reversibilidad-limitada-derechos-sociales-ciudadanos-11480  |z Acceso restringido 
942 |c BOOK 
999 0 |a Depressions